[Event "FRA-chT2 0910"]
[Site "France"]
[Date "2010.03.13"]
[Round "8.6"]
[White "Auvray, Juliette"]
[Black "Luco, Alain"]
[Result "1/2-1/2"]
[WhiteElo "1974"]
[BlackElo "2120"]
[PlyCount "105"]
[EventDate "2009.09.27"]
[EventType "team-tourn"]
[EventRounds "11"]
[EventCountry "FRA"]
[SourceTitle "EXT 2011"]
[Source "ChessBase"]
[SourceDate "2010.11.26"]
[SourceVersion "1"]
[SourceVersionDate "2010.11.26"]
[SourceQuality "1"]

1. e4 e6 2. d4 d5 3. Nc3 Bb4 4. e5 c5 5. a3 Bxc3+ 6. bxc3 Ne7 7. Qg4 cxd4 8. cxd4 Qc7 9. Bd2 Qxc2 10. Rc1 Qe4+ 11. Qxe4 dxe4 12. Ne2 Bd7 13. Nc3 Bc6 14. Bb5 0-0 15. 0-0 Nf5 16. Be3 Rd8 17. Rfd1 a6 18. Bf1 Nd7 19. g4 Nh4 20. f4 Nb6 21. Kf2 Rac8 22. Be2 Rd7 23. Kg3 Ng6 24. Bf1 Rdc7 25. Rb1 Nd5 26. Nxd5 exd5 27. f5 Nf8 28. Rdc1 Ba4 29. Rxc7 Rxc7 30. Rc1 Rxc1 31. Bxc1 Nd7 32. Kf4 Kf8 33. e6 fxe6 34. fxe6 Nf6 35. g5 Ne8 36. Ke5 Bc6 37. Bd2 g6 38. Be2 Ng7 39. Bb4+ Kg8 40. Bd1 Nf5 41. Bd2 Kg7 42. Bb3 Nh4 43. Be3 Ng2 44. Bc1 e3 45. Bd1 Bb5 46. Kxd5 e2 47. Bxe2 Bxe2 48. Kd6 Bb5 49. d5 Nh4 50. Kc7 Nf5 51. d6 Nxd6 52. Kxd6 Kf8 53. Bb2 1/2-1/2

[Event "FRA-chT2 0910"]
[Site "France"]
[Date "2009.11.22"]
[Round "4.8"]
[White "Auvray, Juliette"]
[Black "Anamba Onana, Marie Therese"]
[Result "1-0"]
[WhiteElo "1960"]
[BlackElo "1680"]
[PlyCount "65"]
[EventDate "2009.09.27"]
[EventType "team-tourn"]
[EventRounds "11"]
[EventCountry "FRA"]
[SourceTitle "EXT 2011"]
[Source "ChessBase"]
[SourceDate "2010.11.26"]
[SourceVersion "1"]
[SourceVersionDate "2010.11.26"]
[SourceQuality "1"]

1. e4 e5 2. Nf3 Nc6 3. d4 exd4 4. Nxd4 Ne5 5. Bf4 d6 6. Be2 Nf6 7. Nc3 Be7 8. 0-0 0-0 9. h3 c6 10. Be3 Ng6 11. f4 Qc7 12. Qe1 Re8 13. Bf3 Bd7 14. Qg3 Bd8 15. h4 h5 16. f5 Ne5 17. Nde2 Neg4 18. Bxg4 Nxg4 19. Bd4 Bc8 20. Nf4 Qe7 21. Nxh5 Qxh4 22. Qxh4 Bxh4 23. Bxg7 b6 24. Rf4 Nf6 25. Bxf6 Bxf6 26. Nxf6+ Kf8 27. Nxe8 Kxe8 28. Rd1 Ke7 29. Ne2 Ba6 30. Nd4 Kd7 31. Rh4 c5 32. Nf3 Re8 33. e5 1-0